000 01104nam a22002657a 4500
003 OSt
005 20250127192926.0
008 250127b ||||| |||| 00| 0 spa d
020 _a9786287641143
040 _cCO-MqBPB
082 _aAC
_bCAMe
100 1 _aCamus, Albert,
_eautor
245 1 3 _aEl exilio y el reino /
_cAlbert Camus
250 _aPrimera edición, primera impresión
264 _aBogotá ;
_bPenguin Random House :
_c2023
300 _a169 paginas.
_c19 cm
490 _aDebolsillo, contemporánea
500 _aEl exilio y el reino (L'Exil et le royaume), 1957, es una colección de seis cuentos escritos por el autor francés Albert Camus. El hilo conductor sigue un mismo propósito ético y estético, la fraternidad humana, el sentido de la existencia, y la añoranza de un universo moral que nos proteja del destructivismo ético y social.
546 _aEl exilio y el reino (L'Exil et le royaume)
586 _aPremio Nobel de Literatura
650 _2Cuentos
_zFrancesa
650 _2Cuentos
_ySiglo XX
700 _dManuel de Lope
_eTraductor
942 _2ddc
_cBKLIT
999 _c15771
_d15771